000
00300cam a2200109ua 4500
082
_a
631.354
_b
IND/TE
245
0
0
_a
Test Code for Combine Harvester-Thresher, IS 8211(Part II)-1981 /
250
_a
1 /
260
_a
New Delhi :
_b
Indian Standards Institution ,
_c
1982.
300
_a
50 ; .
942
_c
BK
999
_c
7741
_d
7741